{"text_format":"1","workbook":"xlsx","n_sheets":1,"sheets":["НВЛ"],"not_rendered":{"charts":0,"images":0,"macros":0,"external_links":0,"defined_names":1,"comments":0,"pivot_tables":0},"unopened":[],"bounds":{"document_bytes":16777216,"sheet_cells":100000,"rows_first":2000,"rows_last":500,"rows_between":2000,"halvings":0,"cell_chars":16384,"cell_head_chars":4096},"cells_cut":0,"cells_raw":0,"read":"whole","date_system":"1900"}

{"sheet":"НВЛ","index":0,"n_rows":30,"n_cols":15,"rows_kept":30,"cut":false,"hidden":false,"merged":[[4,0,4,14],[2,12,2,14],[1,12,1,14],[0,12,0,14]]}
[]
["Перечень предлагаемых непрофильных и невостребованных ликвидных (НВЛ) МТР"]
["по состоянию на 30.12.2025, находящие в собственности ООО \"НК\"Русснефть-Брянск\"."]
[]
[]
["№ п/п","Товарная группа","Номенклатурный номер","Наименование ТМЦ","Дата ввода в эксплуатацию (для ОС), дата поступления на склад (для материалов)","Ед. изм.","Кол-во","Цена реализации без НДС (руб/ед.)","Стоимость реализации без НДС (руб.)","Местонахождение НВЛ","№ склада","Причина отнесения к НВЛ","Техническое состояние ТМЦ","ФИО контактного лица (Группа по реализации НВЛ и НЛ)","Телефон контактного лица"]
[1,"НВЛ","VA-00003948","Картридж XEROKX Toner Cartidge 006R01179","2008 г.","шт",10,1064.5,10645,"основной склад",null,"не востребовано","нов.удовл.","Обоз С.В.","8(48351)25097"]
[2,"НВЛ","VA-00005287","Клапан  предохранительный , латунь","2008 г.","шт",6,15440,92640,"основной склад",null,"не востребовано","нов.удовл.","Обоз С.В.","8(48351)25097"]
[3,"НВЛ","00-00001379","Муфта оптическая соединительная МТОК 96/192Т1-01","2005 г.","шт",30,2643.77,79313.100000000006,"основной склад",null,"не востребовано","нов.удовл.","Обоз С.В.","8(48351)25097"]
[4,"НВЛ","VA-00004629","Муфта п/э","2006 г.","шт",24,16.27,390.48,"основной склад",null,"не востребовано","нов.удовл.","Обоз С.В.","8(48351)25097"]
[5,"НВЛ","VA-00004037","Принт-картридж XEROKX Drum Cartidge 013R005889","2008 г.","шт",3,2898.11,8694.33,"основной склад",null,"не востребовано","нов.удовл.","Обоз С.В.","8(48351)25097"]
[6,"НВЛ","00-00001398","Светильник РСП 3ВМ-250 IP65","2005 г. ","шт",39,6531.59,254732.01,"основной склад",null,"не востребовано","нов.удовл.","Обоз С.В.","8(48351)25097"]
[7,"НВЛ","VA-00002090","Телефонная розетка-адаптер универсальный \"Пересвет\"","2005 г.","шт",40,11.19,447.59999999999997,"основной склад",null,"не востребовано","нов.удовл.","Обоз С.В.","8(48351)25097"]
[8,"НВЛ","VA-00001410","Труба ПВХ гофрированная 40 мм  ","2005 г.","шт",720,43.58,31377.599999999999,"основной склад",null,"не востребовано","нов.удовл.","Обоз С.В.","8(48351)25097"]
[9,"НВЛ","VA-00004583","Труба ДУ 203*10","2005 г.","шт",32,1351.64,43252.480000000003,"основной склад",null,"не востребовано","нов.удовл.","Обоз С.В.","8(48351)25097"]
[10,"НВЛ","00-00001158","Шнур 1-4с Ф 14 ГОСТ 6467-79","2005 г.","шт",110.5,119.42,13195.91,"основной склад",null,"не востребовано","нов.удовл.","Обоз С.В.","8(48351)25097"]
[11,"НВЛ","00-00001157","Шнур МБС 1-4с Ф 10 ГОСТ 6467-79","2005 г.","шт",47,133.02000000000001,6251.9400000000005,"основной склад",null,"не востребовано","нов.удовл.","Обоз С.В.","8(48351)25097"]
[12,"НВЛ","00-00001156","Шнур МБС 1-4с Ф 8  ГОСТ 6467-79","2005 г.","шт",49,121.98,5977.02,"основной склад",null,"не востребовано","нов.удовл.","Обоз С.В.","8(48351)25097"]
[13,"НВЛ","VA-00006597","Номер ООН по СМГС 33/1267 300мм 400мм","2019 г.","шт",3000,18.66,55980,"ТТР",null,"не востребовано","нов.удовл.","Обоз С.В.","8(48351)25097"]
[14,"НВЛ","VA-00006596","Знак опасности АК 3/315/3/ 250мм 250мм","2019г.","шт",3000,12.78,38340,"ТТР",null,"не востребовано","нов.удовл.","Обоз С.В.","8(48351)25097"]
[15,"НВЛ","VA-00002227","Шнур МБС 1-4с Ф 8 ГОСТ 6467-79","2005 г.","шт",51,133.46,6806.46,"основной склад",null,"не востребовано","нов.удовл.","Обоз С.В.","8(48351)25097"]
[16,"НВЛ","VA-00004475","Болт М20","2007 г.","шт",36.1,42.58,1537.1379999999999,"основной склад",null,"не востребовано","нов.удовл.","Обоз С.В.","8(48351)25097"]
[17,"НВЛ","VA-00004474","Гайка М20","2007 г.","шт",20.78,46.37,963.56859999999995,"основной склад",null,"не востребовано","нов.удовл.","Обоз С.В.","8(48351)25097"]
[18,"НВЛ","VA-00004985","Гвозди 1.4*32мм","2008 г.","шт",7,41.6,291.2,"основной склад",null,"не востребовано","нов.удовл.","Обоз С.В.","8(48351)25097"]
[19,"НВЛ","VA-00005824","Гвозди 100мм","2010 г.","шт",5,64,320,"основной склад",null,"не востребовано","нов.удовл.","Обоз С.В.","8(48351)25097"]
[20,"НВЛ","VA-00001471","Дюбель","2009 г.","шт",121,1.62,196.02,"основной склад",null,"не востребовано","нов.удовл.","Обоз С.В.","8(48351)25097"]
[21,"НВЛ","VA-00001416","Топор б/у","2008 г.","шт",12,318.81599999999997,3825.7919999999995,"основной склад",null,"не востребовано","б/у удовл.","Обоз С.В.","8(48351)25097"]
[22,"НВЛ","VA-00004583","Труба ДУ 203*10","2005 г.","шт",10.43,1351.64,14097.6052,"основной склад",null,"не востребовано","нов.удовл.","Обоз С.В.","8(48351)25097"]
[23,"НВЛ","VA-00005329","Насос для бочек","2007 г.","шт",2,663.05,1326.1,"основной склад",null,"не востребовано","нов.удовл.","Обоз С.В.","8(48351)25097"]
["Итого на сумму реализации:",null,null,null,null,null,null,null,{"$f":"SUM(I7:I29)","v":670601.35379999992}]